000 00537nam a2200181Ia 4500
008 090630s9999 xx 000 0 und d
082 _b26754
100 _aतळवलकर गोविंद.
245 _aबहर.
_cतळवलकर गोविंद.
260 _bमॅजेस्टीक.
_c1996
300 _a178
600 _aतळवलकर गोविंद.
630 _aबहर.
655 _aइतर.
700 _aतळवलकर गोविंद.
730 _aबहर.
942 _cBOOK
999 _c278610
_d278610